Responses for Show #6894 - Thursday, July 31, 2014

2014 Teen Tournament final game 1.

Contestants

[<< previous game]

Jeff Xie, a junior from Edison, New Jersey

Alan Koolik, a junior from Boca Raton, Florida

Cooper Lair, a sophomore from Little Rock, Arkansas

[next game >>]

Jeopardy! Round responses

JOURNALISM
DESCRIBING THE RECENT MOVIE
YOU WISH YOU'D READ THE SCARLET LETTER
STATE'S LEFTS
(Alex: We're dealing with geography here. We want you to give us the state immediately to the left of the state we will tell you about.)
SWEET CHARITY
INSIDE INFORMATION
(Alex: Each correct response will be a word that can be formed from some of the letters in the word "information".)
    $200 26
First Amendment

Triple Stumper
    $200 11
Frozen

Jeff
    $200 1
A

Alan
    $200 6
Illinois

Cooper
    $200 21
poverty

Jeff
    $200 16
raft

Cooper
    $400 27
Associated Press

Alan
    $400 12
Captain Phillips

Jeff
    $400 2
(Alan: What's homeopathic medicine?)
(Alex: Well... we are going to accept that, our judges say. He's a [*].)

doctor

Alan
    $400 7
New Hampshire

Alan
    $400 22
Earth Day

Jeff
    $400 17
ant

Alan
    $600 28
opinions

Triple Stumper
    $600 13
(Alex: And that exciting movie is [*].)

Gravity

Triple Stumper
    $1,000 3
Puritans

Alan
    $600 8
Idaho

Jeff
    $600 23
Make-A-Wish

Alan
    $600 18
(Cooper: What is Alberta?)
...
(Alex: [*], yes. Remember, it's going to be made up of the letters in "information".)

Ontario

CooperAlan
    $800 29
paragraph

Triple Stumper
    $800 14
The Butler

Alan
    $800 4
the Maze

Cooper
    $800 9
Connecticut

Jeff
    $800 24
Livestrong

Jeff
    $800 19
motion

Cooper
    $1000 30
Columbia

Jeff
    $1000 15
Star Trek Into Darkness

Jeff
    $1000 5
Pearl

Alan
    $1000 10
Colorado

Jeff
    $1000 25
(Alex: Yes, and you're in the lead by yourself now.)

Parkinson's

Jeff
    $1000 20
faint

Cooper

Scores at the first commercial break (after clue 15):

Cooper Alan Jeff
$1,000 $3,800 $4,000

Scores at the end of the Jeopardy! Round:

Cooper Alan Jeff
$2,400 $5,800 $7,400

Double Jeopardy! Round responses

EXPLORATION
WORD ORIGINS
MONEY
THIS CELEBRITY...
MEDICAL HISTORY
BEFORE HE WAS PRESIDENT
    $400 1
Missouri

Jeff
    $400 6
commencement

Alan
    $400 21
Mexico

Jeff
    $400 26
Jay Leno

Jeff
    $400 16
World Health Organization

Jeff
    $400 11
Grant

Jeff
    $800 2
Cortés

Jeff
    $800 7
dialogue

Cooper
    $800 22
hundreds

Alan
    $800 27
(Kevin) Durant

Jeff
    $800 17
(Jeff: What are limes?)
(Alex: Limes, or any [*].)

citrus fruits

Jeff
    $800 12
Clinton

Cooper
    $2,000 4
Greenland

Jeff
    $1200 8
plasma

Alan
    $1200 23
yen

Jeff
    $1200 28
Shia LaBeouf

Alan
    $1200 18
aspirin

Jeff
    $1200 13
Kennedy

Alan
    $1600 3
Balboa

Jeff
    $1600 9
embargo

Cooper
    $1600 24
pound

Jeff
    $1600 29
Kevin Bacon

Jeff
    $1600 19
artificial heart

Alan
    $3,000 14
Madison

Alan
    $2000 5
(Jeff: Who is Cartier?)

(Samuel de) Champlain

CooperJeff
    $2000 10
gargoyle

Alan
    $2000 25
bitcoin

Jeff
    $2000 30
Neko Case

Triple Stumper
    $2000 20
(Jeff: What is a heart transplant?)

kidney

AlanJeff
    $2000 15
(Jeff: Who is Andrew Johnson?)
(Cooper: Who is Polk?)
...
(Alex: Jeff, I believe you misspoke. It wasn't Andrew Johnson. It's [*].)

Andrew Jackson

CooperJeff
Triple Stumper

Scores at the end of the Double Jeopardy! Round:

Cooper Alan Jeff
$5,600 $19,200 $17,000

Final Jeopardy! Round responses

BESTSELLING BOOKS
(Alex: Alan, you wrote down your response very quickly, and you were smiling all the while because you wrote down "What is [*]?" That's the novel by John Green, and it is the correct response. Have you read it?)
(Alan: Yes, I have.)
(Alex: Good for you.)
CooperWhat is ?
$5,400
JeffWhat is The Secret Life of Bees??
$2,000
AlanWhat is The Fault in Our Stars?
$5,800
The Fault in Our Stars

Final scores:

Cooper Alan Jeff
$200 $25,000 $15,000

Game dynamics:

Coryat scores:

Cooper Alan Jeff
$5,600 $17,400 $16,200
9 R,
2 W
19 R
(including 2 DDs),
0 W
26 R
(including 1 DD),
3 W

Combined Coryat: $39,200

[game clues] [game scores] [suggest correction]

Game tape date: 2014-03-05
The J! Archive is created by fans, for fans. Scraping, republication, monetization, and malicious use prohibited; this site may use cookies and collect identifying information. See terms. The Jeopardy! game show and all elements thereof, including but not limited to copyright and trademark thereto, are the property of Jeopardy Productions, Inc. and are protected under law. This website is not affiliated with, sponsored by, or operated by Jeopardy Productions, Inc. Join the discussion at JBoard.tv.